[Event "Budapest FS06 IM"]
[Site "Budapest"]
[Date "2005.06.05"]
[Round "2"]
[White "Katsuhara, Osamu"]
[Black "Nazarenus, Olaf"]
[Result "1/2-1/2"]
[WhiteElo "2106"]
[BlackElo "2115"]
[PlyCount "136"]
[EventDate "2005.06.04"]
[EventType "tourn"]
[EventRounds "13"]
[EventCountry "HUN"]
[SourceTitle "CBM 106 Extra"]
[Source "ChessBase"]
[SourceDate "2005.07.01"]
[SourceVersion "1"]
[SourceVersionDate "2005.07.01"]
[SourceQuality "1"]

1. e4 c5 2. Nf3 g6 3. d4 cxd4 4. Nxd4 Bg7 5. Nc3 Nc6 6. Be3 Nf6 7. Bc4 0-0 8. Bb3 Qa5 9. f3 e6 10. 0-0 d5 11. exd5 exd5 12. Qd2 Rd8 13. Rad1 Be6 14. Rfe1 Rac8 15. Bf2 Rd6 16. Kh1 Nd8 17. Ncb5 Qxd2 18. Rxd2 Ra6 19. Nxa7 Ra8 20. Nab5 Rc8 21. Kg1 Nd7 22. c3 Ne5 23. Bg3 Nc4 24. Bxc4 dxc4 25. a3 Bf8 26. Nc7 Rb6 27. Ncxe6 Nxe6 28. Nxe6 fxe6 29. Bf2 Bc5 30. Ree2 Bxf2+ 31. Kxf2 Rc7 32. Ke1 Kf7 33. Kd1 Kf6 34. Kc1 Rc5 35. Rd4 Rbc6 36. Rd7 Rc7 37. Rxc7 Rxc7 38. Kc2 b5 39. Rd2 Kf5 40. b3 Rc5 41. bxc4 bxc4 42. Rd4 e5 43. Re4 g5 44. h4 gxh4 45. Rxh4 Ra5 46. Rxc4 Rxa3 47. Kb2 Ra7 48. Re4 h5 49. c4 Rg7 50. Re2 h4 51. Kc3 Rg3 52. Kb4 h3 53. gxh3 Rxf3 54. Rh2 e4 55. c5 e3 56. c6 Ke6 57. Rc2 Rf2 58. Rc1 e2 59. c7 Rf8 60. Kb5 Kd7 61. Kb6 Kc8 62. Re1 Rf6+ 63. Kc5 Rf2 64. Kd6 Rf6+ 65. Kc5 Rf2 66. Kd6 Rf6+ 67. Ke5 Rf8 68. Ke4 Rh8 1/2-1/2